000 00578nam a22001697a 4500
003 OSt
005 20240927153015.0
008 240927b |||||||| |||| 00| 0 eng d
040 _c0
082 _aDPer 050 R22 2000 June -December 2023 v123 no. 7124-728
100 _aKiener, Robert.
_eauthor.
_961742
245 _aDrama in real life :
_bi have no idea how to fly this plane! /
_cRobert Kiener.
260 _aTaipei ;
_bReader's Digest Asia,
_cJune 2023.
300 _aVolume 123, pages 34-43 ,
_billustration.
700 _aKiener, Robert.
_eauthor.
_961742
942 _2ddc
_cPER
999 _c21960
_d21960